000 00637nam a2200229Ia 4500
003 OSt
005 20220925220355.0
006 a|||||r|||| 00| 0
007 ta
008 220923b |||||||| |||| 00| 0 eng d
037 _cGeneral Book
040 _aRTL
_cRTL
_beng
041 _2eng
_aeng
082 _aXxM35, B3
100 _aJevons W Stanley
_979979
245 0 _aMethods of social reform and other papers
260 _aLondon
_bMacmillan
_c1883
300 _aviii,383p
_ccm.
490 _aReprints of Economic Classics
942 _hXxM35, B3
_cGB
_2CC
999 _c571286
_d571286